Statistics for What country do you think is the answer?

Click here to take the quiz!

General Stats

  • This quiz has been taken 13 times
  • The average score is 6 of 9

Answer Stats

QuestionAnswer% Correct
What country is biggest in Africa?Algeria
83%
Country with most deaths in WWIRussia
83%
Which country isn't in the European UnionSwitzerland
83%
Biggest island country (not counting Australia)Indonesia
83%
Which country has the most Islam population?Indonesia
75%
Countries that had biggest empireGreat Britain
75%
Country with most islands in ScandinaviaSweden
42%
Most wine productionItaly
33%
14th biggest countryMexico
33%

Score Distribution

Percentile by Number Answered

Percent of People with Each Score

Your Score History

You have not taken this quiz